| 000 | 00743nam a2200205 i 4500 | ||
|---|---|---|---|
| 001 | 96015 | ||
| 003 | ES-MaACL | ||
| 005 | 20240522092752.0 | ||
| 007 | t| | ||
| 008 | 050609s1972 sp ||||1| spa d | ||
| 100 | 1 |
_aMachado, Antonio, _d1875-1939 _975151 |
|
| 245 | 1 | 0 |
_aJuan de Mairena _b: sentencias, donaires, apuntes y recuerdos de un profesor apócrifo (1936) / _cAntonio Machado ; edición, introducción y notas de José Mª Valverde. |
| 260 |
_aMadrid : _bCastalia, _c1972. |
||
| 300 |
_a278 p., 2 lám. ; _c18 cm. |
||
| 490 | 1 |
_aClásicos Castalia ; _v42 |
|
| 700 | 1 |
_aValverde, José María, _d1926-1996 _9113013 |
|
| 830 | 1 |
_aClásicos Castalia ; _v42 _9178595 |
|
| 852 |
_aES-MaACL _jE-8486 |
||
| 999 |
_c96015 _d96015 |
||